00440nam a2200181Ia 4500003000400000005001700004008004100021020001900062040000700081041000800088082001600096100001300112245005500125260004000180300000900220650001400229700001500243OSt20250917112911.0250729s2005 xx 000 0 und d a978-8188836734 cAL aeng a370.78 DASA aDash M K aAchivement of district primary education programme aNew DelhibSonali Publicationc2005 a198p aEducation aMishra B C